000 00739nam a2200241 a 4500
001 45180
003 BD-RjUL
005 20211209053956.0
008 160724s1982 bg b 000 0 eng
020 _c: Tk.45.00
035 _a(BD-RjUL)45298
040 _aDLC
_cDLC
_dDLC
_dBD-RjUL
_beng
041 _aeng
082 0 0 _223
_a301.095492
_bJAR 1982
100 1 _aJahangir, B. K.
_9138403
245 1 0 _aRural society, power structure, and class practice /
_cB.K. Jahangir.
260 _aDacca :
_bCentre for Social Studies,
_c1982.
300 _a165 p. :
_bill. ;
_c22 cm.
650 0 _aPeasants
_zBangladesh.
_9138404
650 0 _aSocial classes
_zBangladesh.
_9138405
651 0 _aBangladesh
_xRural conditions.
_9124387
942 _2ddc
_cBK
999 _c45180
_d45180